La puerta de la esperanza / (Record no. 185056)

MARC details
000 -LEADER
campo de control de longitud fija 00920nam a2200241 i 4500
001 - NÚMERO DE CONTROL
campo de control 185056
003 - IDENTIFICADOR DE NÚMERO DE CONTROL
campo de control SpMaBN
005 - FECHA Y HORA DE LA ÚLTIMA TRANSACCIÓN
campo de control 20250809233111.0
008 - DATOS DE LONGITUD FIJA--INFORMACIÓN GENERAL
campo de control de longitud fija 160314s1990 sp cfo |||| |bspa d
020 ## - NÚMERO INTERNACIONAL ESTÁNDAR DEL LIBRO
Número Internacional Estándar del Libro 84-320-6643-5
080 ## - NÚMERO DE LA CLASIFICACIÓN DECIMAL UNIVERSAL
Número de la Clasificación Decimal Universal 821.134.2-94"19"
080 ## - NÚMERO DE LA CLASIFICACIÓN DECIMAL UNIVERSAL
Número de la Clasificación Decimal Universal 929 Vallejo-Nágera, Juan Antonio
100 1# - ENTRADA PRINCIPAL--NOMBRE DE PERSONA
Nombre de persona Vallejo-Nágera, Juan Antonio,
Fechas asociadas al nombre 1926-1990
9 (RLIN) 112855
245 13 - MENCIÓN DEL TÍTULO
Título La puerta de la esperanza /
Mención de responsabilidad, etc. Juan Antonio Vallejo-Nágera, José Luis Olaizola.
246 34 - FORMA VARIANTE DEL TITULO
Texto de visualización Subt. de cub.
Título propio/Titulo breve Libro-testimonio escrito en los últimos dos meses de su vida
250 ## - MENCION DE EDICION
Mención de edición 7ª ed.
260 ## - PUBLICACIÓN, DISTRIBUCIÓN, ETC.
Lugar de publicación, distribución, etc. [Madrid] :
Nombre del editor, distribuidor, etc. Rialp ;
Lugar de publicación, distribución, etc. [Barcelona] :
Nombre del editor, distribuidor, etc. Planeta,
Fecha de publicación, distribución, etc. 1990.
300 ## - DESCRIPCIÓN FÍSICA
Extensión 255 p., [16] p. de lám. ;
Dimensiones 21 cm.
600 14 - PUNTO DE ACCESO ADICIONAL DE MATERIA--NOMBRE DE PERSONA
Nombre de persona Vallejo-Nágera, Juan Antonio,
Fechas asociadas al nombre 1926-1990
9 (RLIN) 112855
700 1# - ENTRADA AGREGADA--NOMBRE PERSONAL
Nombre de persona Olaizola, José Luis,
Fechas asociadas al nombre 1927-
9 (RLIN) 159058
852 ## - LOCALIZACIÓN
Ubicación ES-MaACL
Número de control de estantería L-30257
Nota libre . - Donat. Miguel A. Velasco
Holdings
Estatus retirado Estado de pérdida Estado de daño No para préstamo Biblioteca de origen Biblioteca actual Ubicación en estantería Fecha de adquisición Fuente de adquisición Total de préstamos Signatura topográfica completa Código de barras Visto por última vez Precio de reemplazo Tipo de ítem Koha
        Biblioteca del Ateneo de Madrid Biblioteca del Ateneo de Madrid Depósito 2 14/03/2016     L-30257 1194924 23/02/2023 23/02/2023 Libro impreso